| 000 | 00975nam a22002897a 4500 | ||
|---|---|---|---|
| 001 | 134 | ||
| 003 | FISKH | ||
| 005 | 20230425111121.0 | ||
| 008 | 230228b cb ||||| |||| 00| 0 eng d | ||
| 040 |
_aDLC _cDLC _dIG# _dBTCTA _dUKM _dSFP _dNYP _dDLC _dFISKH _beng |
||
| 042 | _alcac | ||
| 050 | 0 | 0 |
_aQL737.C27 _bS34 2010 |
| 082 | 0 | 0 |
_a599.789 _222 |
| 100 | 1 | _aSchreiber, Anne. | |
| 245 | 1 | 0 |
_aPandas / _cAnne Schreiber. |
| 260 |
_aWashington, D.C. _bNational Geographic _c2010 |
||
| 300 |
_a32 p. : _bcol. ill. ; _c24 cm. |
||
| 490 | 0 | _aNational Geographic readers. Level 2 | |
| 520 | _aDescribes pandas and their behavior. | ||
| 521 | 1 |
_a600
_bLexile |
|
| 521 | 1 |
_aO _bRaz-Plus |
|
| 650 | 0 |
_aPandas _vJuvenile literature. |
|
| 650 | 1 | _aPandas. | |
| 906 |
_a7 _bcbc _corignew _d1 _eecip _f20 _gy-gencatlg |
||
| 942 |
_2ddc _cBK _n0 |
||
| 999 |
_c134 _d134 |
||